| 000 | 00472nam a2200157Ia 4500 | ||
|---|---|---|---|
| 005 | 20250423100958.0 | ||
| 008 | 250422s9999 xx 000 0 und d | ||
| 020 | _a2096085630193 | ||
| 100 | _aBrougham, H. | ||
| 245 | 0 | _aSpeeches of Henry lord Brougham v2: upon questions relating to public rights, dutis and interests; with historical introductions(1841) | |
| 260 | _aPhiladelphia | ||
| 260 | _bLea and Blanchard | ||
| 260 | _c1841 | ||
| 300 | _a618 p | ||
| 942 | _cBK | ||
| 999 |
_c34921 _d34921 |
||